LIBRARY ONLINE CATALOGUE

The Adventures of a lion family and other studies of wild life in East Africa / (Record no. 13383)

MARC details
000 -LEADER
fixed length control field 00642nam a22002052 4500
001 - CONTROL NUMBER
control field 0000011771
005 - DATE AND TIME OF LATEST TRANSACTION
control field 20151217155847.0
008 - FIXED-LENGTH DATA ELEMENTS--GENERAL INFORMATION
fixed length control field 090107s xx 000 0 eng d
040 ## - CATALOGING SOURCE
Original cataloging agency KABU
Transcribing agency KABU
100 1# - MAIN ENTRY--PERSONAL NAME
Personal name Pienaar, A. A.
-- 0000167769
245 14 - TITLE STATEMENT
Title The Adventures of a lion family and other studies of wild life in East Africa /
Statement of responsibility, etc. A. A. Pienaar.
250 ## - EDITION STATEMENT
Edition statement Swan ed.
260 ## - PUBLICATION, DISTRIBUTION, ETC. (IMPRINT)
Place of publication, distribution, etc. London :
Name of publisher, distributor, etc. Longmans,
Date of publication, distribution, etc. 1931.
300 ## - PHYSICAL DESCRIPTION
Extent xv, 256 p.
650 #0 - SUBJECT ADDED ENTRY--TOPICAL TERM
Topical term or geographic name as entry element Lions.
-- 0000161510
650 #0 - SUBJECT ADDED ENTRY--TOPICAL TERM
Topical term or geographic name as entry element Zoology
Geographic subdivision Africa, East.
-- 0000167770
852 1# - LOCATION
-- p200 KES
908 ## - PUT COMMAND PARAMETER (RLIN)
Put command parameter 090107
950 ## - LOCAL HOLDINGS (RLIN)
-- 1
Holdings
Withdrawn status Lost status Source of classification or shelving scheme Not for loan Home library Current library Date acquired Total Checkouts Full call number Barcode Date last seen Price effective from Koha item type
    Library of Congress Classification   Kabarak, Main Campus Kabarak, Main Campus 17/12/2015   QL795 .L7P54 1931 c. 1 15821 17/12/2015 17/12/2015 Africana Collection